000 00537nam a22001457a 4500
008 230526b |||||||| |||| 00| 0 eng d
020 _a9789937918039
082 _aN928/Du968s
100 _aदुवाल, मोहन
245 _aस्मृतिमा सर्जकहरु(व्यक्तिबृत)
260 _as.l:
_bजनमत प्रकाशन नेपाल,
_c२०७४वि.
300 _b२९७पृ.
650 _aसाहित्यकारहरु-जीवनी
942 _2ddc
_cGEN
999 _c109469
_d109457